Ratschlag von der Kirchen/ eins ausschus etlicher Cardinel/ Bapst Paulo des namens dem dritten/ auff seinen befelh geschrieben vnd vberantwortet. Mit einer vorrede D. Mart. Luth. Sophisma Chrysippi...

Voľné ornamentálne iniciálky na 8, 9 r., na titulnom liste drevorez s náboženskou tematikou, marginálie, kustódy

Bibliographic Details
Corporate Author: Lufft, Hans (Wittenberg, Nemecko) (Printer)
Other Authors: Luther, Martin, 1483-1546 (Author of introduction, etc.), Lufft, Hans, 1495-1584 (Printer)
Format: Book
Language:German
PhysicalDescription:A4 - D4, E3 [=19] l 4°
Published: Gedruckt zu Wittemberg durch Hans Lufft M. D. XXXVIII. [=1538])
Subjects:

MARC

LEADER 00000nam a2200000 a 4500
001 vtls011634514
003 SK-MaSNL
005 20260301141457.0
008 200330s1538 gw a 001 0 ger
015 |a SNKHFA1538 
035 |a FC9E4346-90FC-4CC6-83AC-BEF81D828EFE 
035 |a urn:nbn:sk:snk-am3h4p1 
035 |a urn:nbn:sk:snk-am00cn7d 
040 |a SNKHF  |b slo  |c SDKK  |e AACR2 
041 0 |a ger 
044 |a gw  |c DE 
130 0 |a Ratschlag  |9 495600 
245 1 0 |a Ratschlag von der Kirchen/ eins ausschus etlicher Cardinel/ Bapst Paulo des namens dem dritten/ auff seinen befelh geschrieben vnd vberantwortet. Mit einer vorrede D. Mart. Luth. Sophisma Chrysippi... 
260 |a Gedruckt zu Wittemberg  |b durch Hans Lufft  |c M. D. XXXVIII. [=1538]) 
300 |a A4 - D4, E3 [=19] l  |c 4° 
501 |a Príväzok 7. k: HADRIAN VI. - pápež. Was auff dem Reichstag zu Nuremberg... halben belangt. Wittemberg : Hans Frischmut, 1538, 4°.  |5 SNK IC 143262 
508 |a Pref.: Luther, Martin 
510 4 |a VD 16 C/4931 
520 |a Voľné ornamentálne iniciálky na 8, 9 r., na titulnom liste drevorez s náboženskou tematikou, marginálie, kustódy 
550 |a Údaje do impresa doplnené z kolofónu 
650 0 7 |a teológia  |x spisy polemické  |2 SNK  |9 428948 
700 1 |a Zaiová, Margita,  |d 1868-1937  |4 own  |9 186369 
700 1 |a Kadarász, Ernest  |4 oth  |9 302455 
700 1 |a Luther, Martin,  |d 1483-1546  |4 aui  |9 106834 
700 1 |a Lufft, Hans,  |d 1495-1584  |4 prt  |9 160223 
700 0 |a Pavol  |b III.,  |c pápež,  |d 1468-1549  |4 oth  |9 56613 
710 0 |a Lufft, Hans (Wittenberg, Nemecko),  |d 1523-1584  |4 prt  |9 305371 
752 |a Nemecko  |d Wittenberg 
852 |a SNK  |b Zaiova knižnica: Zay 878, prív. 7  |p IC 143262 prív.7 
958 |a ONDV 
999 |c 767254  |d 769184 
952 |t Zay 878  |a SNK  |b SNK  |c SNK_HF  |y PREZ  |7 0  |p 17A1130416  |o snkIC 143262 prív.7  |i snk2017/10109  |8 5  |0 0  |1 0  |4 0  |d 2017-06-06  |f 1  |l 0  |r 2026-02-24 00:23:37  |w 2026-02-24